000 01042njm a22002897a 4500
005 20100914152621.0
007 sd ammalaaahaa
008 100913t xxu||||| |||| 00| 0 hin d
028 _a2392549
_bPolydor
035 _aGR-03773
040 _aSED/VEN
100 _aRao, Vijay Raghav
_91184
245 _aFestival time /
_cby Vijay Raghav Rao
_h[sound recording] :
246 _aफेस्टिवल टाइम /विजय राघव राव द्वारा
260 _aDum Dum India
_bPolydor
_c1981
300 _a1 sound disc [Gramophone record] :
_banalog, 33 1/3 rpm
_c12.5 in. (LP)
_fGramophone Record
500 _aBrief Record
500 _aRecord label :Polydor, Red
505 _aSide-1 Serenade II Side 2 Rustic melody
600 _aRao, Vijay Raghav
_919992
650 _aHindi Song
_xExcerpts
_zIndia
_919603
650 _aInstrumentals
_920739
700 _919604
700 _919605
942 _2ddc
_cGR
999 _c46865
_d46865